Worried about the wrong things: (Record no. 364174)
[ view plain ]
| 000 -LEADER | |
|---|---|
| fixed length control field | 00506nam a2200133Ia 4500 |
| 008 - FIXED-LENGTH DATA ELEMENTS--GENERAL INFORMATION | |
| fixed length control field | 200910s9999 xx 000 0 und d |
| 020 ## - INTERNATIONAL STANDARD BOOK NUMBER | |
| International Standard Book Number | 978-026-20-3602-3 |
| 100 ## - MAIN ENTRY--PERSONAL NAME | |
| Personal name | Vickery, Jacqueline Ryan |
| 245 ## - TITLE STATEMENT | |
| Statement of responsibility, etc | Jacqueline Ryan Vickery |
| Title | Worried about the wrong things: |
| Remainder of title | youth, risk and opportunity in the digital world/ |
| 260 ## - PUBLICATION, DISTRIBUTION, ETC. (IMPRINT) | |
| Place of publication, distribution, etc | Quezon City: |
| Name of publisher, distributor, etc | C and E Publishing, Inc. |
| Date of publication, distribution, etc | 2017 |
| 300 ## - PHYSICAL DESCRIPTION | |
| Extent | xvi, 339 pages |
| Dimensions | 23 cm. |
| 650 ## - SUBJECT ADDED ENTRY--TOPICAL TERM | |
| Topical term or geographic name as entry element | Information society -- United States |
| 650 ## - SUBJECT ADDED ENTRY--TOPICAL TERM | |
| Topical term or geographic name as entry element | Internet -- safety measures |
| Withdrawn status | Lost status | Damaged status | Home library | Current library | Shelving location | Date acquired | Source of acquisition | Total Checkouts | Full call number | Barcode | Date last seen | Price effective from | Koha item type |
|---|---|---|---|---|---|---|---|---|---|---|---|---|---|
| College Library | College Library | Reserve Section | 09/10/2020 | HM 851 .V527 2017 | C22353 | 09/10/2020 | 09/10/2020 | Books |